NBA teams with the most playoff appearances - Statistics

General Stats
  • This quiz has been taken 38 times
  • The average score is 8 of 10
Answer Stats
# of apperances Team % Correct
62 Boston Celtics
100%
65 Los Angeles Lakers
100%
44 Detroit Pistons
94%
38 Golden State Warriors
94%
53 Philadelphia 76ers
88%
39 San Antonio Spurs
88%
45 New York Knicks
85%
37 Milwaukee Bucks
76%
49 Atlanta Hawks
70%
36 Portland Trail Blazers
52%
No matching quizzes found
Score Distribution
Percent of People with Each Score
Percentile by Number Answered
Your Score History
You have not taken this quiz